000
00328nam a2200121Ia 4500
008
231106s2010 xx 000 0 und d
041
_a
eng
082
_a
108
100
_a
SURESH RAY
245
_a
LESSONS IN CLASSICAL DRAWING: ESSENTIAL TECHNIQUE FROM INSIDE THE ATELIER
260
_b
CBS PUBLISHER
_c
2010
300
_a
P-250.00
999
_c
920360
_d
920360